000 00302nam a22001337a 4500
008 180807b xxu||||| |||| 00| 0 eng d
082 _a813.52
245 _aDelmar cengage learning
_cIRELAND.P.A
260 _c2011
300 _a1
_fCD
440 _x9781435441170
760 _b7 th
942 _2ddc
_cMX
999 _c46880
_d46880